Представление документа в формате RUSMARC

ПолеНазваниеЗначение
  Тип записи a
  Библиографический уровень m
001 Контрольный номер RU/УОНБ/EK_KIBO/409834169
005 Дата корректировки 20250520122035.9
010 Индекс ISBN __
a ISBN 5-94865-054-5
d Цена 166 р. 97 к.
100 Данные общей обработки __
a Данные общей обработки 20121226d2005 u y0rusy0189||||ca
101 Язык документа 0_
a Язык текста rus
102 Страна публикации __
a Страна публикации RU
105 Кодированные данные (монография) __
a Кодированные данные (монография) y z 000zy
106 Кодированные данные (форма документа) __
a Кодированные данные для формы документа (Обозначение носителя) s
139 Кодированные данные (электронные ресурсы) __
a Кодированные данные (электронные ресурсы) сz|||||
200 Заглавие и сведения об ответственности 1_
a Заглавие Восточные коллекции
b Общее обозначение материала [Электронный ресурс]
e Сведения, относящиеся к заглавию 22 слайд-шоу из электрон. собрания ДиректМедиа
210 Выходные данные 1_
a Место издания Москва
c Издательство ДиректМедиа Паблишинг
d Дата издания 2005
215 Физическое описание __
a Объем 1 электрон. опт. диск (CD-ROM) ( 80 мин.)
c Иллюстрации/тип воспроизводства ил., зв., муз.
d Формат 12 см
230 Специфическая характеристика материала: электронные ресурсы __
a Обозначение и объем ресурса Электрон. дан.
300 Общие примечания __
a Общие примечания Диск помещен в контейнер 13х15 см
300 Общие примечания __
a Общие примечания Загл. с этикетки диска
337 Примечание о системных требованиях (электронные ресурсы) __
a Примечание о системных требованиях (электронные ресурсы) Систем. требования: CD-RW ; 700 Mb ; 4-12х
606 Тематические рубрики 0_
a Основная рубрика Искусство Востока
610 Ключевые слова 0_
a Ключевые слова искусство Востока
610 Ключевые слова 0_
a Ключевые слова Индия в фотографиях
610 Ключевые слова 0_
a Ключевые слова Япония в фотографиях
610 Ключевые слова 0_
a Ключевые слова Китай в фотографиях
610 Ключевые слова 0_
a Ключевые слова Древний Египет
610 Ключевые слова 0_
a Ключевые слова гробницы
686 Индексы других классификаций __
a Классификационный индекс 85.103(5)
2 Код системы rubbk
801 Источник записи _0
a Страна RU
b Организация Ульяновская ОНБ
c Дата составления 20121226
g Правила каталогизации RCR
801 Источник записи _1
a Страна RU
b Организация Ульяновская ОНБ
c Дата составления 20121226
g Правила каталогизации RCR
901 Тип документа __
t Тип документа m
909 Создатель записи __
a Создатель записи Моргунова
b Дата создания записи 20131117
938 Служебная информация __
a Имя БД kibo
b Имя библиотеки УОНБ
c Имя АИБС МАРК-SQL
d Номер DOC_ID в БД 2363